00295nam a2200097Ia 4500008004100000082001800041100001900059245006500078260004400143300001000187210430s9999 xx 000 0 und d a620.11 D167 E aIsaac M Daniel aEngineering Mechanics of Composite MaterialscIsaac M Daniel aNew YorkbOxford University Pressc1994 a395p.